| 000 | 00330nam a22001217a 4500 | ||
|---|---|---|---|
| 082 |
_a671.35 _bMAC _cL-17, P-34 |
||
| 245 | _aMachining Aloca Aluminium and Its Alloys | ||
| 260 |
_aAmerica _bAluminium Co. _cc1948 |
||
| 300 |
_aP66. _bill _c15cm |
||
| 526 |
_a0 _b0 _c0 _d671_350000000000000_MAC |
||
| 650 |
_aMCE _9379 |
||
| 942 |
_2ddc _cBK |
||
| 999 |
_c548890 _d548890 |
||